000 00366nam a2200157Ia 4500
008 090124s9999 xx 000 0 und d
082 _b35036
245 _aFREEDOM AND CULTURE
250 _a1
260 _b"WINGATE, LONDON"
300 _a270
630 _aFREEDOM AND CULTURE
700 _aHUXLEY JULIAN
730 _aFREEDOM AND CULTURE
942 _cBOOK
999 _c100988
_d100988